000 00555nam a2200193Ia 4500
003 GCL
008 140319s9999 xx 000 0 ara d
040 _aGCL /
_cGCL
082 0 4 _a635.9
_bص ن
100 1 _aصفوت رنية
245 1 0 _aنباتات الزينة والصالونات اقامة بيت زجاجى /
_cصفوت رنية
300 _a120
490 _a100 قصة
_v0
650 0 4 _aالزهور
650 0 4 _aنباتات الزينة
650 0 4 _aالتنسيق
650 0 4 _aالنباتات المنزلية
942 _2ddc
_cBK
999 _c43431
_d43431